AU LIBRARIES
Centralized Library System Across Seven Campuses

Organizational Culture and Leadership (Record no. 47391)

MARC details
000 -LEADER
fixed length control field 00452nam a22001697a 4500
005 - DATE AND TIME OF LATEST TRANSACTION
control field 20260427093611.0
008 - FIXED-LENGTH DATA ELEMENTS--GENERAL INFORMATION
fixed length control field 260427b |||||||| |||| 00| 0 eng d
020 ## - INTERNATIONAL STANDARD BOOK NUMBER
ISBN 9780470185865
082 ## - DEWEY DECIMAL CLASSIFICATION NUMBER
Classification number 658.4
Author Mark EDH
100 ## - MAIN ENTRY--AUTHOR
Author Name Edgar H. Schein
245 ## - TITLE STATEMENT
Title Organizational Culture and Leadership
250 ## - EDITION STATEMENT
Edition statement 4th
260 ## - PUBLICATION, DISTRIBUTION, ETC.
Place of Publication 989 Market Street, San Francisco, USA
Name of publisher, distributor, etc. Jossey-Bass
Date of publication, distribution, etc. 2010
300 ## - PHYSICAL DESCRIPTION
Pages 436 p.
650 ## - SUBJECT ADDED ENTRY--TOPICAL TERM
Subject / Department Management Science
942 ## - ADDED ENTRY ELEMENTS (KOHA)
Koha item type Book
Holdings
Withdrawn status Lost status Damaged status Not for loan Collection code Permanent Location Current Location Shelving Location Date acquired Price Total Checkouts Full Call Number Accession No./Barcode Date last seen Koha item type
        Management Science Air University Kharian Campus Library Air University Kharian Campus Library Management Science 04/27/2026 2222.00   658.4 EDH AUKHP0713 04/27/2026 Book
Air University Sector E-9, Islamabad Pakistan
Email: librarian@au.edu.pk  Tel : +0092 51 9262612 Ext: 631